00922nam a22002297a 4500003000900000008004100009020001800050040007100068082002100139100003300160245008300193246004700276260009400323300002800417650001200445650004900457650002500506650001300531650003700544700003700581710007400618AR-CdUCM190306b ||||| |||| 00| 0 spa d a9786124165375 aMUNICIPALIDAD PROVINCIAL DEL CUSCOcBIBLIOTECA MUNICIPAL DEL CUSCO a498.323 / bG22M aGarcía Márquez, Gabriel  aMachu wiraquchataq raprasapataq :bUn señor muy viejo con las alas enormes / aUn señor muy viejo con las alas enormes. aCusco : bMinisterio de Cultura, Dirección Desconcentrada de Cultura de Cusco, c2015. a67 páginas ; c20 cm. aQuechua aComprensión lectora - Cuentos colombianos aCuadernos de Trabajo aSiglo XX aQuechua - Español (bilingüe) aMaldonado, Georgina (Traductora) aMinisterio de CulturatDirección Desconcentrada de Cultura de Cusco